For a federated Latin America: the one answer to twenty problems
Gardado en:
| Autor Principal: | |
|---|---|
| Formato: | Libro |
| Idioma: | inglés |
| Publicado: |
Nueva York
Exposition
1965
|
| Subjects: | |
| Tags: |
Engadir etiqueta
Sen Etiquetas, Sexa o primeiro en etiquetar este rexistro!
|
MARC
| LEADER | 00000nam a2200000 a 4500 | ||
|---|---|---|---|
| 001 | UCT7024 | ||
| 003 | CL-VaPUC | ||
| 008 | 970116e19650000US |||||||||||||||||eng|d | ||
| 082 | 0 | 4 | |a 320.98 |b VIT |2 21 |
| 100 | 0 | |a Viteri, Miguel H |e author |9 377579 | |
| 245 | 1 | 0 | |a For a federated Latin America: the one answer to twenty problems |
| 300 | |a 115 p | ||
| 942 | |c BK | ||
| 945 | |d 19970116 00:00:00 |a paguirre | ||
| 260 | |a Nueva York |b Exposition |c 1965 | ||
| 650 | 0 | |a Ciencias Políticas |9 255201 | |
| 650 | 7 | |a SISTEMAS POLITICOS |2 CL-VaPUC |9 377580 | |
| 650 | 7 | |a POLITICA INTERNA |2 CL-VaPUC |9 342443 | |
| 650 | 0 | |a Comunismo |9 255588 | |
| 650 | 7 | |a FEDERACION |2 CL-VaPUC |9 358919 | |
| 650 | 0 | |a Relaciones Internacionales |9 255740 | |
| 651 | 0 | |a América Latina |9 255027 | |
| 583 | |a last modification |c 19970116 00:00:00 |k Rodrigo Vera | ||
| 999 | |c 255687 |d 255685 | ||
| 952 | |0 0 |1 0 |4 0 |6 320_980000000000000_VIT_1965 |7 0 |8 P |9 278058 |a BIBDER |b BIBDER |d 2019-11-19 |i 1805363 |o 320.98 VIT 1965 |p 1805363 |r 2023-01-25 |w 2019-11-19 |y BK |k DER | ||